Útkeresés az anyanyelvi nevelésben beszámoló egy tanítási kísérletről /

Elmentve itt :
Bibliográfiai részletek
Szerző: Hoffmann Ottó
Dokumentumtípus: Cikk
Megjelent: 1976
Sorozat:Módszertani közlemények 16 No. 5
Kulcsszavak:Neveléstudomány
Online Access:http://acta.bibl.u-szeged.hu/26616
LEADER 00653nab a2200181 i 4500
001 acta26616
005 20210224135717.0
008 161017s1976 hu o 0|| hun d
022 |a 0544-7224 
040 |a SZTE Egyetemi Kiadványok Repozitórium  |b hun 
041 |a hun 
100 1 |a Hoffmann Ottó 
245 1 0 |a Útkeresés az anyanyelvi nevelésben   |h [elektronikus dokumentum] :  |b beszámoló egy tanítási kísérletről /  |c  Hoffmann Ottó 
260 |c 1976 
300 |a 264-270 
490 0 |a Módszertani közlemények  |v 16 No. 5 
695 |a Neveléstudomány 
856 4 0 |u http://acta.bibl.u-szeged.hu/26616/1/modszertani_016_005_264-270.pdf  |z Dokumentum-elérés